La erosión en los ecosistemas de montaña de Tucumán / (Registro nro. 4834)

Detalles MARC
000 -CABECERA
Campo de control 00691nam a2200205 a 4500
005 - FECHA Y HORA DE LA ULTIMA TRANSACCION
Campo de control 20160317140447.0
008 - ELEMENTOS DE LONGITUD FIJA—INFORMACION GENERAL
Campo de control 140317b1994 ag ||||fr|||| 00| 0 spa d
040 ## - FUENTE DE CATALOGACIÓN
Agencia catalogadora original CO-BoIAVH
Agencia transcriptora CO-BoIAVH
041 0# - IDIOMA
Código de idioma para texto/pista de sonido o título separado Español
044 ## - PAÍS DE PUBLICACIÓN
País de publicación Argentina
082 04 - NUMERO DE CLASIFICACION DECIMAL DEWEY
Número de clasificación 551.302
Número del ítem H19e
090 ## - CLASIFICACIÓN LOCAL
Colección LB
Consecutivo 04266
100 1# - ASIENTO PRINCIPAL--NOMBRE PERSONAL
Nombre personal Halloy, Stephan
9 (RLIN) 22266
245 13 - MENCION DE TITULO
Título La erosión en los ecosistemas de montaña de Tucumán /
Mención de responsabilidad Stephan Halloy
260 ## - PUBLICACION, DISTRIBUCION, ETC. (PIE DE IMPRENTA)
Lugar de publicación, distribución, etc. San Miguel de Tucumán :
Nombre del editor, distribuidor, etc. Fundación Miguel Lillo,
Fecha de publicación, distribución, etc. 1994
300 ## - DESCRIPCION FISICA
Extensión 15 páginas :
Dimensiones 28 x 18 centímetros
650 #6 - ASIENTO SECUNDARIO DE MATERIA - TERMINO TEMATICO
Término temático o nombre geográfico como elemento de entrada Ecosistema
Subdivisión general erosión
Subdivisión geográfica Tucumán (Argentina)
9 (RLIN) 64496
650 #6 - ASIENTO SECUNDARIO DE MATERIA - TERMINO TEMATICO
Término temático o nombre geográfico como elemento de entrada Ecosistema
Subdivisión general montaña
-- erosión
Subdivisión geográfica Tucumán (Argentina)
9 (RLIN) 64497
942 ## - ELEMENTOS ADICIONALES (KOHA)
Tipo de ítem Libro
Sistema de clasificación Dewey Decimal Classification
Existencias
Withdrawn status Lost status Sistema de Clasificación Damaged status No para préstamo Colección Inventariado Ubicación Permanente Ubicación actual Fecha de adquisición Fuente de Valor Valor Total Checkouts Número topográfico Inventario / Código de Barras Date last seen Ejemplar Price effective from Forma de adquisición Tipo de material
    Dewey Decimal Classification     General Inventariado 2017 Bogotá Bogotá 18/11/2005 Instituto 39000.00   LB-551.302 H19e 022144 04/12/2012 Ej. 1 04/12/2012 Canje Libro